00774cam a22002417a 4500003000500000005001700005008004100022010001000063011001000073020001500083035001000098040000900108082001400117100002300131245007000154260004200224300002300266500003000289650004600319650001900365650004500384711010300429CHAP20220329142430.0010126d1998 mx r 00110 spa d a83362 a84334 a0306460211 a94854 cCHAP04a578.4bS500aSlavik, Jane, ed.10aFluorescence microscopy and fluorescent probesc/ed by Jan Slavik aNew York, N.Y.:bPlenum Press,c1998. a272 p. :bgráfs. aLa biblioteca tiene : v.214aColorantes y coloración (Microscopía)14aFluorescencia.14aMicroscopio y microscopíaxTécnicas.0 aConference on fluorescence microscopy and fluorescent probesn(2 :d1997 :cPrage, Czech Republic)